Horror Movies I've Seen - Statistics

General Stats
  • This quiz has been taken 213 times
  • The average score is 3 of 5
Answer Stats
Picture Answer % Correct
Five Nights at Freddy's
89%
Psycho
79%
The Shining
78%
Final Destination
69%
Friday the 13th: The Final Chapter
23%
No matching quizzes found
Score Distribution
Percent of People with Each Score
Percentile by Number Answered
Your Score History
You have not taken this quiz